000 01262nam a2200301 a 4500
001 ebr10428657
003 CaPaEBR
006 m u
007 cr cn|||||||||
008 101206s2010 enka sf 001 0 eng d
020 _z9781849690584
020 _z9781849690591 (e-book)
040 _aCaPaEBR
_cCaPaEBR
035 _a(OCoLC)696002651
050 1 4 _aTK5105.8883
_b.K46 2010eb
100 1 _aRobbins, Thom.
245 1 0 _aKentico CMS 5 website development
_h[electronic resource] :
_bbeginner's guide : building professional and feature-rich websites with Kentico CMS 5 /
_cThom Robbins.
260 _aBirmingham [U.K.] :
_bPackt Pub.,
_c2010.
300 _av, 293 p. :
_bcol. ill.
500 _aIncludes index.
533 _aElectronic reproduction.
_bPalo Alto, Calif. :
_cebrary,
_d2010.
_nAvailable via World Wide Web.
_nAccess may be limited to ebrary affiliated libraries.
650 0 _aWeb sites
_xAuthoring programs.
650 0 _aWeb sites
_xDesign
_vHandbooks, manuals, etc.
650 0 _aWeb sites
_xManagement
_xComputer programs.
655 7 _aElectronic books.
_2local
710 2 _aebrary, Inc.
856 4 0 _uhttp://site.ebrary.com/lib/rucke/Doc?id=10428657
_zAn electronic book accessible through the World Wide Web; click to view
999 _c145736
_d145736